| 000 | 00801nam a22002177a 4500 | ||
|---|---|---|---|
| 008 | 110821t xxu||||| |||| 00| 0 ara d | ||
| 020 | _a9770808970 | ||
| 082 |
_222 _a305.4 _bأ ح م |
||
| 100 | 1 |
_926824 _aأحمد ، مصطفى كمال |
|
| 245 |
_aعازب من الشرق / _cمصطفى كمال أحمد |
||
| 260 |
_a[د . م] : _b[د . ن] ، _c[1999]. |
||
| 300 |
_a328 ص ؛ _c24 سم. |
||
| 650 |
_926819 _aالمرأة |
||
| 650 |
_926820 _aالحب |
||
| 650 |
_926821 _aالعواطف |
||
| 650 |
_926822 _aالعزوبية |
||
| 650 |
_926823 _aالانفعالات النفسية |
||
| 653 |
_bGeneral _cAugust2011 |
||
| 942 |
_2ddc _cBB |
||
| 999 |
_c15885 _d15885 |
||